Restructuring public utilities for competition

Saved in:
Bibliographic Details
Format: Book
Language:English
Published: Paris OECD 2001
Series:Competition and regulatory reform
Subjects:
Tags: Add Tag
No Tags, Be the first to tag this record!

MARC

LEADER 00000nam a2200000 4500
001 c128864
005 20221124105402.9
020 |a 92-64-18726-X 
041 0 |a eng 
044 |a FR 
245 1 0 |a Restructuring public utilities for competition 
264 1 |a Paris  |b OECD  |c 2001 
300 |a 95 s. 
490 1 |a Competition and regulatory reform 
830 0 |a Competition and regulatory reform 
610 2 0 |a reštrukturalizácia 
610 2 0 |a priemysel 
610 2 0 |a konkurencia 
610 2 0 |a regulácia 
610 2 0 |a letiská 
610 2 0 |a prístavy 
610 2 0 |a doprava 
610 2 0 |a elektrifikácia 
610 2 0 |a plyn zemný 
610 2 0 |a železnice 
610 2 0 |a telekomunikácie 
610 2 0 |a služby 
610 2 0 |a pošty 
610 2 0 |a porovnanie medzinárodné 
610 2 0 |a svet 
610 2 0 |a OECD 
610 2 0 |a podnik verejnoprospešný